000 00651nam a22002297a 4500
003 AR-CcCEOS
005 20260425101708.0
008 260425b ag ||||| |||| 00| 0 spa d
020 _a8475836674
040 _aAR-CcCEOS
_bspa
_cAR-CcCEOS
041 _aspa
080 _a930.85(7/8)
090 _bSNO v.2
100 _aCoe Snow y Benson
_91129
245 _aLa América Antigua :
_bCivilizaciones precolombinas : Volumen II /
_cCoe, Snow y Benson
264 _aBarcelona :
_bFolio,
_c1994.
300 _a239 p. ;
_c24x18 cm.
490 _vAtlas culturales del mundo
650 0 _ahistoria
_990
655 0 _aarte
_9138
942 _2udc
_n0
_cBK
999 _c28952
_d28952